| 000 | 00654nam a2200229Ia 4500 | ||
|---|---|---|---|
| 003 | OSt | ||
| 005 | 20220927105458.0 | ||
| 006 | a|||||r|||| 00| 0 | ||
| 007 | ta | ||
| 008 | 220926b |||||||| |||| 00| 0 eng d | ||
| 024 | _a187555 | ||
| 037 | _cReference Collections | ||
| 040 |
_aRTL _cRTL _beng |
||
| 041 |
_2eng _aeng |
||
| 082 | _a"X:322.41.N53, J3" | ||
| 100 |
_aGanguli B. N. _9372800 |
||
| 245 | 0 | _aLand reform in New china | |
| 260 |
_aDelhi _bRanjit Printers and Publishers _c1953 |
||
| 300 |
_a53p _ccm. |
||
| 942 |
_h"X:322.41.N53, J3" _cCC |
||
| 999 |
_c692754 _d692754 |
||